| 000 | 01196nam a22002897a 4500 | ||
|---|---|---|---|
| 003 | EG-GICUC | ||
| 005 | 20260202151726.0 | ||
| 008 | 260202s1983 ua ||||fr|||| 00| 0 ara d | ||
| 040 |
_a EG-GICUC _bara _c EG-GICUC _d EG-GICUC _erda |
||
| 041 | _aara | ||
| 082 | 0 | 4 |
_221 _a343.6 _bر م . م |
| 092 | 0 | 4 | _221 |
| 099 | _aLaw1 10 343.6 1983 | ||
| 100 | 0 |
_aرمسيس بهنام _eمؤلف. |
|
| 245 |
_aالمجرم تكويناً وتقويماً : _bالأساليب العلمية العصرية فى الكشف عن مصدر الإجرام لدى المجرم, أنماط المجرمين, علاج المجرم, التوقى من الجريمة / _cرمسيس بهنام |
||
| 264 |
_aالإسكندرية : _bمنشأة المعارف , _c1983. |
||
| 300 |
_a414صفحة; _c24 سم _bإيضاحيات، صور، مثيليات ؛ |
||
| 336 |
_2rda content _atext |
||
| 337 |
_2rda media _aComputer |
||
| 338 |
_2rda carrier _aOnline Resource |
||
| 546 | _aالنص باللغة العربية | ||
| 650 | 1 |
_aقانون جنائي _2qrmak |
|
| 650 | 1 | _aعلم الإجرام | |
| 856 | 4 | 0 | _uhttps://fll.law.cu.edu.eg/fulltext/bks/B10-05635.pdf |
| 905 | _a44 | ||
| 942 |
_2ddc _cBK _e21 _n0 |
||
| 999 |
_c60373 _d60373 |
||